00649nam a2200193Ia 4500008004100000020001800041082001500059100001800074245003500092250000900127260004200136300002300178500001900201600003300220650001600253942000700269952016200276999001700438240925s9999 xx 000 0 und d a9788126556403 a515.15 ANT aAnton, Howard 0aCalculus: Late Transcendentals a10th aNew Delhi:bJohn Wiley & Sonsc,2016. a932p.b0fOriginal aIncludes Index aHumanities & Natural Science aMathematics cBK 001040708ETaUITUbUITUd2018-02-22eBook World Internationalg1379.80l1o515.15 ANTpQ11519q2025-11-07r2025-11-04 11:41:51s2025-11-04w2024-09-25yBK c14018d14018